| 000 | 00528pab a2200181 454500 | ||
|---|---|---|---|
| 008 | 180718b2005 xxu||||| |||| 00| 0 eng d | ||
| 100 | _aGadajlovic, Eric | ||
| 245 | _aOwnership structure, investment behaviour and firm performance in Japanese manufacturing industries | ||
| 260 | _c2005 | ||
| 300 | _ap.7-35. | ||
| 650 | _aJapanese investment | ||
| 650 | _aInvestment | ||
| 650 | _aManufacturing industry | ||
| 700 | _aHashimoto, Motomi | ||
| 700 | _aYoshikawa, Toru | ||
| 773 | _aOrganization Studies | ||
| 909 | _a64223 | ||
| 999 |
_c64223 _d64223 |
||